000 02124nam a2200337 a 4500
003 CHAP
005 20230324104752.0
007 ta
008 230324s2015 -geao||fr|||| 001 0 spa d
020 _a978-3-8480-0865-0
040 _amxchpua
_cCHAP
_erda
050 1 0 _aTT157
_b.B87 2015
082 0 0 _a745
_bB87 2015
_220
100 1 _9186528
_aBusch, Marlies
240 1 _aMit liebe selbst gemacht. Geschenke aus küche und garten, woll- und nähkorb.
_lEspañol
245 1 0 _aRegalos caseros :
_bideas para compartir /
_cMarlies Busch ; traductora Almudena Sasian
250 _a1a edición
264 _aBarcelona, España :
_bH. F. Ullmann,
_c2015
300 _a167 páginas :
_bilustraciones, fotografías
336 _2rdacontent
_atexto
_btxt
337 _2rdamedia
_asin medio
_bn
338 _2rdacarrier
_avolumen
_bnc
505 0 _aPrólogo -- Regalos culinarios -- Regalos de lana e hilo -- Regalos de cosmética y bienestar -- Regalos para la casa y el jardín -- Ideas para empaquetar regalos
520 2 _aSiempre es bonito ofrecer un regalo hecho con las propias manos, de concepción personal e individualizada y que, además, transmite la ilusión y el amor con que se ha realizado. Este libro es una excelente fuente de inspiración para elaborar todo tipo de regalos caseros, desde delicias cocinadas y conservas hasta objetos decorativos y accesorios. Con él aprenderá a hacer encantadores y prácticos regalos. En sus cinco capítulos podrá escoger entre preparar un detalle culinario (por ejemplo, unas trufas), un cosmético casero (como un aceite de masaje), una prenda de punto (una bufanda) o un objeto decorativo hecho a mano (como un rústico portavelas). Con sus más de 100 propuestas, que incluyen instrucciones paso a paso, este libro le guiará a través del arte de la elaboración manual de entrañables regalos. Hay ideas para todos los gustos y ocasiones.
650 1 3 _9153381
_aConservas
650 1 3 _9186529
_aTrabajos manuales
650 1 3 _9153674
_aPreserves
650 1 3 _9186530
_aHandicrafts
700 1 _9186531
_aSasiain, Almudena
_etraductora
942 _2ddc
_cLibro
999 _c218574
_d218574